000 00229nam a22001097a 4500
082 _a823
_bUNK/E
100 _aUNKNOWN
245 _aTHE EMPEROR'S NEW CLOTHES
260 _bWICKLOW LTD
_c1989
650 _aENGLISH STORY
942 _cBK
999 _c7536
_d7536